[Event "World Senior 65+ 2014"]
[Site "Katerini GRE"]
[Date "2014.10.31"]
[Round "7.25"]
[White "Nickl, Klaus"]
[Black "Krstic, Slobodan AUS"]
[Result "0-1"]
[WhiteElo "2113"]
[BlackElo "2038"]
[WhiteFideId "1601024"]
[BlackFideId "3203379"]
[EventDate "2014.10.24"]

1. d4 Nf6 2. Bg5 Ne4 3. Bf4 d5 4. e3 e6 5. Bd3 Nd7 6. Nd2 f5 7. f3 Nd6 8. Ne2
Be7 9. c4 c6 10. cxd5 cxd5 11. Nc3 a6 12. O-O O-O 13. Qb3 Nf7 14. Rac1 b5 15.
Nxd5 exd5 16. Bc7 Qe8 17. Bxf5 Nf6 18. Bxc8 Rxc8 19. Be5 Qd7 20. h3 Rc6 21. Rc3
Rxc3 22. bxc3 Rc8 23. e4 b4 24. cxb4 Qb5 25. Bxf6 Bxb4 26. Bh4 Bxd2 27. Qxb5
axb5 28. exd5 Rc2 29. a3 g5 30. Bg3 Kf8 31. Kh2 Rc1 32. Rf2 Be3 33. Ra2 Bxd4 34.
h4 gxh4 35. Bxh4 Ra1 36. Re2 Be5+ 37. Bg3 Bxg3+ 38. Kxg3 Rxa3 39. Kf4 Ra7 40. g4
b4 41. Rb2 Rb7 42. Ke4 Ke7 43. Kd4 Kd6 44. f4 Nh6 45. g5 Nf5+ 46. Ke4 Ne7 47. f5
b3 48. f6 Rb4+ 49. Kd3 Nxd5 50. Kd2 Ke6 51. Kc1 Nc3 52. Rh2 b2+ 53. Rxb2 Rxb2
54. Kxb2 Ne4 55. Kc2 Nxg5 56. Kd3 Kxf6 57. Ke3 Kf5 58. Kf2 Kg4 59. Kg2 Ne6 60.
Kh2 Nf4 61. Kh1 Kg3 62. Kg1 Nh3+ 63. Kh1 Nf2+ 64. Kg1 h5 0-1

[Event "World Senior 65+ 2014"]
[Site "Katerini GRE"]
[Date "2014.10.31"]
[Round "7.26"]
[White "Chirinos Cabrera, Cleren Jesus"]
[Black "Reuben, Stewart"]
[Result "1-0"]
[WhiteTitle "CM"]
[BlackTitle "CM"]
[WhiteElo "2009"]
[BlackElo "2089"]
[WhiteFideId "3900150"]
[BlackFideId "405256"]
[EventDate "2014.10.24"]

1. Nf3 c5 2. g3 g6 3. Bg2 Bg7 4. c4 Nc6 5. Nc3 e6 6. O-O Nge7 7. Ne4 d6 8. Rb1
O-O 9. a3 f5 10. Nc3 d5 11. cxd5 exd5 12. d3 b6 13. Bf4 Bb7 14. Nb5 Rf6 15. e4
fxe4 16. dxe4 dxe4 17. Ng5 Ba6 18. Nd6 Nd4 19. Ngxe4 Re6 20. Re1 Nef5 21. Bg5
Qf8 22. Nf6+ Rxf6 23. Bxf6 Nxd6 24. Be7 Qf5 25. Bxa8 Nc8 26. Be4 Qe6 27. Bg5 Nd6
28. Bg2 Be2 29. Qc1 Qf5 30. Qe3 Nf3+ 31. Bxf3 Bxf3 32. Qe6+ Qxe6 33. Rxe6 Nf5
34. Re8+ Kf7 35. Rc8 Be5 36. Bf4 Bb7 37. Rd8 Bxf4 38. Rd7+ Ke6 39. Rxb7 Be5 40.
Rxa7 h5 41. Rb7 Kd5 1-0

[Event "World Senior 65+ 2014"]
[Site "Katerini GRE"]
[Date "2014.10.31"]
[Round "7.27"]
[White "Benson, Lachlan"]
[Black "Savolainen, Lev P."]
[Result "0-1"]
[BlackTitle "FM"]
[WhiteElo "1998"]
[BlackElo "2083"]
[WhiteFideId "3205410"]
[BlackFideId "4135792"]
[EventDate "2014.10.24"]

1. d4 e6 2. c4 Nf6 3. Nc3 Bb4 4. a3 Bxc3+ 5. bxc3 c5 6. Qc2 Qa5 7. Bd2 d5 8.
cxd5 exd5 9. c4 Qd8 10. dxc5 d4 11. e3 Nc6 12. Nf3 O-O 13. Bd3 Bg4 14. Nxd4 Nxd4
15. exd4 Re8+ 16. Be3 Qxd4 17. O-O Rxe3 18. fxe3 Qxe3+ 19. Kh1 Rd8 20. Rxf6 gxf6
21. Bxh7+ Kg7 22. Qe4 Qg5 23. h3 f5 24. Qe5+ Kxh7 25. hxg4 Qh6+ 26. Kg1 fxg4 27.
Rf1 Qg7 28. Qe7 Rf8 29. Qxb7 Qd4+ 30. Kh2 Kg6 31. Qd5 Qh8+ 32. Kg1 f5 33. Re1
Kg5 34. Qe5 Rf6 35. c6 Qf8 36. c7 Rc6 37. Qe3+ f4 38. Qe5+ Kh4 39. Qe7+ Qxe7 40.
Rxe7 Rxc4 41. Kf2 Rc2+ 42. Kf1 a5 43. Rd7 Kg3 44. Rd3+ f3 45. gxf3 gxf3 46. Ke1
Rxc7 47. Kd1 Kg2 48. Rd5 Rf7 49. Rg5+ Kf1 50. Rxa5 f2 51. a4 Kg2 52. Rg5+ Kf3 0-1

[Event "World Senior 65+ 2014"]
[Site "Katerini GRE"]
[Date "2014.10.31"]
[Round "7.28"]
[White "Kronlaks, Olafs"]
[Black "Baeta, Marcio Netto"]
[Result "0-1"]
[WhiteElo "1836"]
[BlackElo "2074"]
[WhiteFideId "11604077"]
[BlackFideId "2112744"]
[EventDate "2014.10.24"]

1. e4 e5 2. Nf3 Nc6 3. Bc4 Qe7 4. O-O Nd8 5. d4 d6 6. h3 g6 7. dxe5 dxe5 8. Nc3
c6 9. a4 f6 10. Be3 Bh6 11. Qd2 Bxe3 12. Qxe3 Be6 13. Bxe6 Nxe6 14. Rfd1 Qc5 15.
Qxc5 Nxc5 16. b4 Ne6 17. Rd6 Ke7 18. Rad1 Rb8 19. R6d2 Rd8 20. Rxd8 Nxd8 21. b5
Nh6 22. bxc6 bxc6 23. Nd2 Nhf7 24. Nb3 Ne6 25. a5 Nd6 26. f3 f5 27. g3 h5 28.
Kg2 Nc4 29. Rd3 h4 30. Nd1 hxg3 31. Rc3 Nf4+ 0-1

[Event "World Senior 65+ 2014"]
[Site "Katerini GRE"]
[Date "2014.10.31"]
[Round "7.29"]
[White "Gruzmann, Boris"]
[Black "Robinson, John K"]
[Result "1-0"]
[WhiteTitle "FM"]
[WhiteElo "2246"]
[BlackElo "1983"]
[WhiteFideId "4105290"]
[BlackFideId "406490"]
[EventDate "2014.10.24"]

1. e4 e5 2. Nf3 Nc6 3. Bb5 a6 4. Ba4 Nf6 5. O-O Be7 6. Re1 b5 7. Bb3 d6 8. c3
Na5 9. Bc2 O-O 10. d4 Bg4 11. dxe5 dxe5 12. Qxd8 Rfxd8 13. Nxe5 Bd6 14. Nxg4
Nxg4 15. h3 Ne5 16. f4 Ng6 17. e5 Bc5+ 18. Kh2 Nc4 19. a4 Nb6 20. a5 Nd5 21. g3
Re8 22. Bd2 Re7 23. Ra2 Rae8 24. b4 Ba7 25. Na3 c5 26. Be4 Rd8 27. Rb2 c4 28.
Re2 Nf8 29. Nc2 h6 30. Ne1 Kh8 31. Bxd5 Rxd5 32. Be3 Bxe3 33. Rxe3 Red7 34. Rbe2
Rd2 35. f5 h5 36. Kg2 Rxe2+ 37. Rxe2 Kg8 38. Nf3 g6 39. g4 hxg4 40. hxg4 gxf5
41. gxf5 Rd3 42. e6 fxe6 43. fxe6 Ng6 44. e7 Nxe7 45. Rxe7 Rxc3 46. Nd4 Rd3 47.
Nc6 c3 48. Rc7 Rd2+ 49. Kf3 Rb2 1-0

[Event "World Senior 65+ 2014"]
[Site "Katerini GRE"]
[Date "2014.10.31"]
[Round "7.30"]
[White "Lukovski, Lev"]
[Black "Kiselev, Alexander"]
[Result "1/2-1/2"]
[WhiteElo "1917"]
[BlackElo "2122"]
[WhiteFideId "4634837"]
[BlackFideId "14105900"]
[EventDate "2014.10.24"]

1. e4 c5 2. Nf3 Nc6 3. d4 cxd4 4. Nxd4 d6 5. Be3 g6 6. c4 Bg7 7. Nc3 Nf6 8. Be2
O-O 9. O-O Bd7 10. Qd2 Re8 11. a3 Nxd4 12. Bxd4 Bc6 13. Bf3 Rc8 14. Nd5 e6 15.
Nxf6+ Bxf6 16. Bxf6 Qxf6 1/2-1/2

[Event "World Senior 65+ 2014"]
[Site "Katerini GRE"]
[Date "2014.10.31"]
[Round "7.31"]
[White "Korenevski, Oleg"]
[Black "Davydov, Mihail"]
[Result "1/2-1/2"]
[WhiteElo "1915"]
[BlackElo "2076"]
[WhiteFideId "3206386"]
[BlackFideId "4679962"]
[EventDate "2014.10.24"]

1. e4 e5 2. Nf3 Nf6 3. Nxe5 d6 4. Nf3 Nxe4 5. Qe2 Qe7 6. d3 Nf6 7. Nc3 Bg4 8.
Qxe7+ Bxe7 9. Be2 Nbd7 10. O-O O-O 11. h3 Bxf3 12. Bxf3 c6 13. Bf4 Rfe8 14. Rfe1
d5 15. d4 Bb4 16. Bd2 Kf8 17. a3 Bd6 18. Rxe8+ Rxe8 19. Re1 Rxe1+ 20. Bxe1 Ke7
21. a4 Nf8 22. Ne2 Ne6 23. g3 Ne4 24. Bg2 f5 25. f3 Nf6 1/2-1/2

[Event "World Senior 65+ 2014"]
[Site "Katerini GRE"]
[Date "2014.10.31"]
[Round "7.32"]
[White "Rave, Avraham"]
[Black "Pitzl, Konstantinos"]
[Result "0-1"]
[WhiteElo "1838"]
[BlackElo "2048"]
[WhiteFideId "2805367"]
[BlackFideId "1627112"]
[EventDate "2014.10.24"]

1. d4 Nf6 2. Nf3 c5 3. c3 cxd4 4. cxd4 g6 5. Nc3 Bg7 6. h3 O-O 7. Bf4 Nc6 8. e3
Qa5 9. Be2 Nd5 10. Bh2 Nxc3 11. bxc3 Qxc3+ 12. Kf1 d6 13. a4 e5 14. Rc1 Qa5 15.
Nd2 exd4 16. Nc4 Qd8 17. exd4 Nxd4 18. Bxd6 Re8 19. Bd3 Be6 20. Bf4 Rc8 21. Nd6
Rxc1 22. Qxc1 Nb3 23. Qa3 Bf8 24. Bb5 Qf6 25. Nxe8 Qxf4 26. Qb2 Nd4 27. Bd3 Bc5
28. Qc3 b6 29. Be2 Kf8 30. g3 Qe5 31. Bb5 a6 32. Bxa6 Kxe8 33. Bb7 Bd5 34. Bxd5
Qxd5 35. Qe1+ Kf8 36. Rg1 Nf3 37. Qa1 Nh2+ 38. Ke2 Qf3+ 39. Kd2 Qxf2+ 40. Kd3
Qxg1 41. Qh8+ Ke7 42. Qe5+ Kd7 43. Qd5+ Bd6 44. Qxf7+ Be7 45. Qd5+ Kc7 46. Qe5+
Bd6 47. Qg7+ Kc6 48. Qc3+ Qc5 49. Qe1 Qd5+ 50. Kc2 Qc4+ 51. Kd1 Qd3+ 52. Kc1
Ba3# 0-1

[Event "World Senior 65+ 2014"]
[Site "Katerini GRE"]
[Date "2014.10.31"]
[Round "7.33"]
[White "Kayaman, Metin"]
[Black "Awawdeh, Fayez"]
[Result "1/2-1/2"]
[BlackTitle "FM"]
[WhiteElo "1878"]
[BlackElo "2012"]
[WhiteFideId "6301185"]
[BlackFideId "8100721"]
[EventDate "2014.10.24"]

1. d4 d5 2. Nf3 h6 3. c4 e6 4. Nc3 Nf6 5. e3 a6 6. Bd3 Nbd7 7. O-O Be7 8. b3 c6
9. Bb2 Qc7 10. Rc1 O-O 11. Re1 Re8 12. e4 dxe4 13. Nxe4 Nxe4 14. Bxe4 Bf6 15.
Bb1 b6 16. Qc2 Nf8 17. Ba3 c5 18. d5 Bd7 19. dxe6 fxe6 20. Bb2 e5 21. h3 g6 22.
Qd2 Kg7 23. Rcd1 Re6 24. Be4 Rae8 25. Bc1 g5 26. Nh2 Rd8 27. Qe2 Be8 28. Ng4 Bh5
29. f3 Bxg4 30. hxg4 Red6 31. Bb2 Ne6 32. Rxd6 Qxd6 33. Bb1 Nd4 34. Qe4 Kf8 35.
Qb7 a5 36. Bg6 Qe6 37. Be4 Rd6 38. Qh7 Bg7 39. Bd5 Qf6 40. Qg8+ Ke7 41. Qc8 Qf8
42. Qc7+ Kf6 43. Re4 Qe7 44. Qb8 Qd8 45. Qxd8+ Rxd8 46. Kf2 1/2-1/2

[Event "World Senior 65+ 2014"]
[Site "Katerini GRE"]
[Date "2014.10.31"]
[Round "7.34"]
[White "Yakovlev, Yuri S."]
[Black "Urbanc, Vinko"]
[Result "1-0"]
[WhiteElo "1992"]
[BlackElo "1849"]
[WhiteFideId "4173929"]
[BlackFideId "14607425"]
[EventDate "2014.10.24"]

1. e4 Nf6 2. e5 Nd5 3. c4 Nb6 4. d4 d6 5. f4 dxe5 6. fxe5 Nc6 7. Be3 Bf5 8. Nc3
e6 9. Nf3 Be7 10. Be2 h6 11. O-O Qd7 12. d5 Nb4 13. Nd4 O-O-O 14. Nxf5 exf5 15.
a3 Na6 16. b4 g5 17. Rxf5 Nxc4 18. Bd4 c5 19. bxc5 Bxc5 20. Bxc5 Nxc5 21. Qd4 b6
22. Qxc4 Kb8 23. Rf6 Qe7 24. Rf5 Rh7 25. d6 Qd7 26. Raf1 Ne6 27. Qe4 Nc5 28. Qd5
Qe6 29. Bf3 1-0

[Event "World Senior 65+ 2014"]
[Site "Katerini GRE"]
[Date "2014.10.31"]
[Round "7.35"]
[White "Borensztajn, David"]
[Black "Susanto, Budhi"]
[Result "0-1"]
[WhiteElo "1940"]
[BlackElo "1724"]
[WhiteFideId "2106817"]
[BlackFideId "7104979"]
[EventDate "2014.10.24"]

1. d4 Nf6 2. Nf3 g6 3. Nc3 Bg7 4. e4 d6 5. Be2 O-O 6. Be3 Ng4 7. Bf4 f5 8. h3
fxe4 9. Bc4+ Kh8 10. Ng5 Nxf2 11. Kxf2 Rxf4+ 12. Ke3 e5 13. Ncxe4 d5 14. dxe5
Rxe4+ 15. Nxe4 Bh6+ 16. Ke2 Qh4 17. Qxd5 Be6 18. Qd4 Nc6 19. Qd3 Nxe5 20. Bxe6
Nxd3 21. cxd3 Qf4 22. Bc4 c6 23. a4 Re8 0-1

[Event "World Senior 65+ 2014"]
[Site "Katerini GRE"]
[Date "2014.10.31"]
[Round "7.36"]
[White "Lelis, Janis"]
[Black "Choong, Liong-On Mark"]
[Result "1-0"]
[BlackTitle "CM"]
[WhiteElo "1846"]
[BlackElo "1921"]
[WhiteFideId "11604328"]
[BlackFideId "5806410"]
[EventDate "2014.10.24"]

1. d4 Nf6 2. c4 g6 3. Nc3 Bg7 4. h3 d6 5. Bf4 O-O 6. Nf3 Nbd7 7. e3 c6 8. Be2
Re8 9. O-O a6 10. a4 b6 11. Qd2 Bb7 12. Rfd1 a5 13. Rac1 h6 14. e4 Kh7 15. b3
Qc8 16. e5 dxe5 17. Bxe5 Rd8 18. Qc2 Nf8 19. Bd3 Ne6 20. Ne2 Rd7 21. Nf4 Nxf4
22. Bxf4 Qe8 23. Ne5 Rad8 24. Nxd7 Nxd7 25. Be4 f5 26. Bf3 e6 27. Bc7 Rc8 28.
Bd6 Qh8 29. Qd2 Bf6 30. g4 Rd8 31. Bc7 Rc8 32. Bh2 Kg7 33. Qe2 Re8 34. Be5 Kf7
35. Re1 Bxe5 36. dxe5 Nc5 37. Rcd1 Re7 38. Rd6 Rc7 39. Red1 Ke7 40. Qe3 Nd7 41.
Rxd7+ Rxd7 42. Rxd7+ Kxd7 43. Qxb6 Qa8 44. Qd4+ Ke8 45. Qd6 Qc8 46. gxf5 Kf7 47.
f6 1-0

[Event "World Senior 65+ 2014"]
[Site "Katerini GRE"]
[Date "2014.10.31"]
[Round "7.37"]
[White "El Gheiadi, I."]
[Black "Hernandez M., Emilio Gustavo"]
[Result "0-1"]
[WhiteElo "2085"]
[BlackElo "1801"]
[WhiteFideId "9200037"]
[BlackFideId "3901475"]
[EventDate "2014.10.24"]

1. e4 c5 2. Nc3 Nc6 3. g3 g6 4. Bg2 Bg7 5. d3 d6 6. Nge2 e6 7. f4 Nge7 8. Be3
Nd4 9. Bxd4 cxd4 10. Nb1 Qb6 11. b3 Bd7 12. O-O O-O 13. Kh1 Rac8 14. a4 Bc6 15.
Nd2 d5 16. exd5 Bxd5 17. Bxd5 Nxd5 18. Nc4 Rxc4 19. Ng1 Ne3 20. bxc4 Nxd1 21.
Raxd1 Qc6+ 22. Nf3 Qxa4 23. Rc1 a6 24. Nd2 f5 25. Nb3 e5 26. Kg1 e4 27. Ra1 Qc6
28. Na5 Qc7 29. Rfb1 b6 30. Nb3 a5 31. c5 bxc5 32. Rxa5 Rb8 33. Rba1 c4 34. Rc5
Qb6 35. Rxc4 exd3 36. Nc5 dxc2 37. Kg2 Qb1 38. Nb3 Qxb3 39. Rc7 d3 40. Raa7 Qd5+
41. Kh3 Qd4 42. Kh4 Qxa7 0-1

[Event "World Senior 65+ 2014"]
[Site "Katerini GRE"]
[Date "2014.10.31"]
[Round "7.38"]
[White "Blaushtain, Boris"]
[Black "Tobar Salas, Juan Carlos"]
[Result "1-0"]
[WhiteElo "2018"]
[BlackElo "1538"]
[WhiteFideId "2804638"]
[BlackFideId "3416682"]
[EventDate "2014.10.24"]

1. c4 Nf6 2. d4 g6 3. Nc3 d6 4. e4 Bg7 5. f3 O-O 6. Be3 Nbd7 7. Qd2 Re8 8. Nge2
e5 9. d5 a6 10. g4 Qe7 11. Ng3 Nf8 12. h4 h5 13. gxh5 Nxh5 14. Nxh5 gxh5 15.
O-O-O Kh7 16. Bd3 Ng6 17. Qh2 Bd7 18. Kb1 Rf8 19. Rdg1 f5 20. Rg5 Bh6 21. exf5
Bxf5 22. Bxf5 Bxg5 23. Bxg5 Qf7 24. Be4 Rac8 25. Qc2 c6 26. Rg1 Rg8 27. Be3 Rg7
28. Rg5 Rh8 29. dxc6 bxc6 30. Bxc6 Qf6 31. Be4 Qf7 32. Nd5 Rc8 33. b3 a5 34. Nc3
Rc7 35. Rxh5+ Kg8 36. Bd5 1-0

[Event "World Senior 65+ 2014"]
[Site "Katerini GRE"]
[Date "2014.10.31"]
[Round "7.39"]
[White "Hmooda, Elhabib"]
[Black "Belokopyt, Boris"]
[Result "1/2-1/2"]
[WhiteElo "1718"]
[BlackElo "1940"]
[WhiteFideId "9202528"]
[BlackFideId "4152530"]
[EventDate "2014.10.24"]

1. d4 Nf6 2. Nc3 d5 3. g3 Bf5 4. Bg2 e6 5. Bg5 Be7 6. Nf3 O-O 7. O-O c5 8. e3
Nc6 9. Re1 h6 10. Bxf6 Bxf6 11. dxc5 Bxc3 12. bxc3 Qa5 13. Nd4 Bg6 14. Nxc6 bxc6
15. Qd4 Bxc2 16. e4 Rab8 17. f4 Rb5 18. c4 Rxc5 19. cxd5 cxd5 20. exd5 exd5 21.
Re5 Rd8 22. Rae1 Ba4 23. Re7 Rdc8 24. Bh3 Rf8 25. Bf5 Rc4 26. Qxa7 Qc3 27. R7e3
Qb2 28. R3e2 Qb4 29. Bd3 Rd4 30. Bf5 Rd1 31. Qe7 Qb6+ 32. Qe3 d4 33. Qf2 Qb4 34.
Rxd1 Bxd1 35. Rd2 Bh5 36. Qxd4 Qa3 37. Qd6 Qe3+ 38. Kf1 Re8 39. Rf2 Bf3 40. Qd2
Be2+ 41. Rxe2 Qf3+ 42. Ke1 Qh1+ 43. Kf2 Qxh2+ 44. Kf3 Qh5+ 45. Bg4 Qh1+ 46. Rg2
Qf1+ 47. Rf2 Qh1+ 48. Rg2 Qf1+ 49. Qf2 1/2-1/2

[Event "World Senior 65+ 2014"]
[Site "Katerini GRE"]
[Date "2014.10.31"]
[Round "7.40"]
[White "Rubinstein, Mark"]
[Black "Zurel, Maxim"]
[Result "1/2-1/2"]
[WhiteElo "1931"]
[BlackElo "1725"]
[WhiteFideId "2807076"]
[BlackFideId "816710"]
[EventDate "2014.10.24"]

1. Nf3 Nf6 2. g3 Nc6 3. Bg2 e5 4. d3 Be7 5. O-O O-O 6. b3 d6 7. Bb2 Bd7 8. e4
Qc8 9. Re1 Ng4 10. h3 Nh6 11. g4 f6 12. Nc3 Nf7 13. Nd5 Bd8 14. Kh2 Ne7 15. Nh4
Nxd5 16. exd5 f5 17. Nxf5 Bxf5 18. gxf5 Qxf5 19. Rf1 Bg5 20. Be4 Bf4+ 21. Kg2
Qg5+ 22. Qg4 Nh6 23. Qxg5 Bxg5 24. d4 exd4 25. Bxd4 Bf6 26. Rad1 Rae8 27. f3
Bxd4 28. Rxd4 Nf5 29. Bxf5 Rxf5 30. h4 Kf7 31. Rf2 Rfe5 32. c4 Re1 33. Rdd2 Kf6
34. Rf1 Kg6 35. Kf2 Rxf1+ 36. Kxf1 Kf5 37. Kf2 Re5 38. Rd4 h5 39. Kg3 Kg6 40.
Rf4 Rf5 41. Re4 Re5 42. Rf4 Rf5 43. Re4 Re5 44. Rf4 1/2-1/2

[Event "World Senior 65+ 2014"]
[Site "Katerini GRE"]
[Date "2014.10.31"]
[Round "7.41"]
[White "Topaloglu, Hayati"]
[Black "Shamis, Mordehay"]
[Result "0-1"]
[WhiteElo "1848"]
[BlackElo "1824"]
[WhiteFideId "6310338"]
[BlackFideId "2808374"]
[EventDate "2014.10.24"]

1. e4 e6 2. d4 d5 3. Nd2 Nf6 4. e5 Nfd7 5. Bd3 c5 6. c3 Nc6 7. Ne2 c4 8. Bc2 b5
9. O-O a5 10. f4 f5 11. exf6 Nxf6 12. Nf3 Bd6 13. Ne5 Qc7 14. Ng3 Ne7 15. Qe2 g6
16. Bd2 Nf5 17. Nxf5 gxf5 18. Rf3 Bxe5 19. fxe5 Ne4 20. Bxe4 dxe4 21. Rg3 Qf7
22. Rf1 Bb7 23. Bg5 Kd7 24. a4 b4 25. Rf2 Bd5 26. Bd2 b3 27. Rf4 Rag8 28. Rxg8
Rxg8 29. Rh4 e3 30. Qxe3 Rxg2+ 31. Kf1 Qg6 32. Rh6 Qg4 33. Rxh7+ Kc6 34. Rh3
Rxd2 35. Qxd2 Qxh3+ 36. Ke1 Qh4+ 37. Kd1 f4 38. Qe2 f3 0-1

[Event "World Senior 65+ 2014"]
[Site "Katerini GRE"]
[Date "2014.10.31"]
[Round "7.42"]
[White "Keze, Arnis"]
[Black "Pihlajamaki, Antti"]
[Result "1/2-1/2"]
[WhiteElo "1684"]
[BlackElo "1863"]
[WhiteFideId "4165845"]
[BlackFideId "503290"]
[EventDate "2014.10.24"]

1. d4 c5 2. e3 cxd4 3. exd4 Nf6 4. c3 e6 5. Bg5 Be7 6. Nd2 d5 7. Ngf3 Nbd7 8.
Bd3 O-O 9. Rc1 Re8 10. Bb1 b5 11. Qc2 Nf8 12. Ne5 Bb7 13. Qd3 a6 14. Qh3 Ne4 15.
Bxe7 Qxe7 16. Ndf3 f6 17. Nd3 Ng6 18. Qh5 Bc6 19. Nh4 Nxh4 20. Qxh4 g5 21. Qg4
Qf7 22. Qf3 Qg7 23. h3 e5 24. dxe5 fxe5 25. Rd1 Nxc3 26. bxc3 e4 27. Qg3 exd3+
28. Kf1 Re2 29. Qxd3 Rae8 30. Qg3 Qe7 31. Kg1 Rf8 32. Rf1 h6 33. h4 Rexf2 34.
Rxf2 Qe1+ 35. Kh2 Qxf2 36. hxg5 Qxg3+ 37. Kxg3 hxg5 38. Rh5 Rf7 39. Rxg5+ Rg7
40. Kf4 Rxg5 41. Kxg5 d4 42. cxd4 Bxg2 43. Kf6 Bd5 44. Ke5 Bc4 45. Kd6 Kf8 46.
a3 Ke8 47. d5 Kd8 48. Bf5 a5 49. Kc5 Bb3 50. d6 b4 51. axb4 axb4 52. Kxb4 Bd5
53. Kc5 Bb7 54. Kb6 Bd5 55. Kc5 Bb7 56. Kb6 Bd5 57. d7 Bf7 58. Kc6 Be8 1/2-1/2

[Event "World Senior 65+ 2014"]
[Site "Katerini GRE"]
[Date "2014.10.31"]
[Round "7.43"]
[White "Ben-Zeev, Moshe"]
[Black "Zamahari, Abang Draup"]
[Result "1-0"]
[WhiteElo "1963"]
[BlackElo "1603"]
[WhiteFideId "2807203"]
[BlackFideId "5704057"]
[EventDate "2014.10.24"]

1. d4 d5 2. Bg5 Nf6 3. Bxf6 exf6 4. e3 Be6 5. Nf3 Bd6 6. Nbd2 O-O 7. c4 dxc4 8.
Nxc4 Bb4+ 9. Ncd2 Re8 10. Bd3 Nd7 11. O-O Nf8 12. a3 Be7 13. Rc1 Rc8 14. b4 a6
15. Nb3 b5 16. Na5 Bd5 17. Qc2 Bxf3 18. gxf3 Qd5 19. Be4 Qg5+ 20. Kh1 Ng6 21. f4
Qh5 22. Bb7 Rcd8 23. Qd1 Qh3 24. Bg2 Qh4 25. h3 Bd6 26. Qg4 Qh6 27. Nb7 Rb8 28.
Nxd6 cxd6 29. Rc6 Nh4 30. Bd5 f5 31. Qg5 Qf6 32. Qxf6 gxf6 33. Rxa6 Rbc8 34. Ra7
Rf8 35. Rg1+ Ng6 36. h4 Kh8 37. h5 Rg8 38. Bxf7 Rg7 39. hxg6 Rf8 40. Rg3 hxg6
41. Rh3+ Rh7 42. Rxh7+ Kxh7 43. Bd5+ Kh6 44. Ra8 Rxa8 45. Bxa8 Kg7 46. Bc6 Kf7
47. Bxb5 Ke7 48. d5 Kd8 49. a4 Kc7 50. Be8 g5 51. a5 gxf4 52. exf4 Kb7 53. b5
Kc7 54. Bc6 Kb8 55. b6 Kc8 56. a6 Kb8 57. a7+ 1-0

[Event "World Senior 65+ 2014"]
[Site "Katerini GRE"]
[Date "2014.10.31"]
[Round "7.44"]
[White "Booth, Anthony"]
[Black "Haupt, Joachim"]
[Result "1/2-1/2"]
[WhiteElo "1796"]
[BlackElo "1874"]
[WhiteFideId "4302699"]
[BlackFideId "4698487"]
[EventDate "2014.10.24"]

1. e4 c5 2. Nf3 Nc6 3. Bc4 d6 4. d4 cxd4 5. Nxd4 Nf6 6. Nxc6 bxc6 7. Nc3 g6 8.
O-O Bg7 9. e5 Ng4 10. exd6 exd6 11. Re1+ Kf8 12. Bf4 d5 13. Bb3 g5 14. Bg3 h5
15. h3 h4 1/2-1/2

[Event "World Senior 65+ 2014"]
[Site "Katerini GRE"]
[Date "2014.10.31"]
[Round "7.45"]
[White "Filzmaier, Bruno"]
[Black "Rozewicz, Joseph"]
[Result "0-1"]
[WhiteElo "1846"]
[BlackElo "1576"]
[WhiteFideId "1607685"]
[BlackFideId "403318"]
[EventDate "2014.10.24"]

1. a3 d5 2. e3 e5 3. d4 Nc6 4. Nf3 e4 5. Nfd2 Nf6 6. c4 Be6 7. cxd5 Bxd5 8. Nc3
Ne7 9. Nxd5 Nexd5 10. Bc4 c6 11. Ba2 g6 12. Bb1 Qe7 13. Qc2 Bg7 14. Nxe4 O-O 15.
Nxf6+ Nxf6 16. O-O Rfe8 17. h3 Rac8 18. Qc5 Qxc5 19. dxc5 Nd7 20. Ra2 Nxc5 21.
b4 Ne6 22. Bb2 Red8 23. Bxg7 Kxg7 24. Rc2 Rc7 25. Ba2 Kf6 26. Rfc1 Rcd7 27. Kf1
Rd1+ 28. Ke2 Rxc1 29. Rxc1 Rd7 30. Rc3 Re7 31. Bxe6 Kxe6 32. Rc5 Rd7 33. g4 Rd5
34. Rxd5 Kxd5 35. Kd3 b6 36. f4 f5 37. a4 a6 38. h4 c5 39. a5 bxa5 40. bxa5 c4+
41. Kc3 fxg4 0-1

[Event "World Senior 65+ 2014"]
[Site "Katerini GRE"]
[Date "2014.11.01"]
[Round "8.2"]
[White "Suba, Mihai"]
[Black "Zhelnin, Vladimir V"]
[Result "1/2-1/2"]
[WhiteTitle "GM"]
[BlackTitle "IM"]
[WhiteElo "2341"]
[BlackElo "2471"]
[WhiteFideId "1203363"]
[BlackFideId "4105567"]
[EventDate "2014.10.24"]

1. c4 e5 2. Nc3 Nc6 3. g3 g6 4. Bg2 Bg7 5. d3 d6 6. e4 Nd4 7. Nge2 Bg4 8. h3 Bf3
9. Bxf3 Nxf3+ 10. Kf1 Ne7 11. Kg2 Nd4 12. Nxd4 exd4 13. Ne2 Qd7 14. b4 f5 15.
exf5 Nxf5 16. Nf4 O-O-O 17. a4 g5 18. Nh5 h6 19. Nxg7 Nxg7 20. Re1 Rde8 21.
Rxe8+ Rxe8 22. Bb2 c5 23. bxc5 dxc5 24. a5 Qc6+ 25. Qf3 Kc7 26. Bc1 Re6 27. Bd2
Rf6 28. Qxc6+ Kxc6 29. Re1 Ne6 30. Re4 b5 31. axb6 axb6 32. h4 b5 33. hxg5 hxg5
34. cxb5+ Kxb5 35. f3 Kc6 36. Kh3 Kd5 37. Kg4 c4 38. dxc4+ Kxc4 39. Re5 d3 40.
Re1 Kd5 41. Ra1 Rf7 42. Ra5+ Kc4 43. Re5 Nd4 44. Re4 Kd5 45. Re3 Kc4 1/2-1/2

[Event "World Senior 65+ 2014"]
[Site "Katerini GRE"]
[Date "2014.11.01"]
[Round "8.3"]
[White "Balashov, Yuri S"]
[Black "Peretz, Malkiel"]
[Result "1-0"]
[WhiteTitle "GM"]
[BlackTitle "FM"]
[WhiteElo "2429"]
[BlackElo "2240"]
[WhiteFideId "4100263"]
[BlackFideId "2800446"]
[EventDate "2014.10.24"]

1. c4 Nf6 2. Nc3 c5 3. Nf3 Nc6 4. d4 cxd4 5. Nxd4 g6 6. e4 d6 7. Be2 Bg7 8. Be3
O-O 9. O-O Bd7 10. Qd2 Nxd4 11. Bxd4 Bc6 12. f3 Nd7 13. Bf2 a5 14. b3 Nc5 15.
Rab1 f5 16. exf5 Rxf5 17. Rbd1 Qf8 18. Nd5 Bxd5 19. cxd5 b6 20. Bd3 Re5 21. f4
Rh5 22. g4 Rh3 23. Bg3 Qc8 24. Qe2 Nxd3 25. Rxd3 Rh6 26. Qe6+ Qxe6 27. dxe6 g5
28. f5 Rf6 29. Bf2 Rff8 30. a4 Rfc8 31. Bxb6 Be5 32. Be3 h6 33. Rc1 Rxc1+ 34.
Bxc1 Rc8 35. Bd2 Rc5 36. h3 Kg7 37. Kf2 Kf6 38. Kf3 Bb2 39. Be3 Rc8 40. Rd5 Rc3
41. Ke4 Rxb3 42. Rb5 Rxb5 43. axb5 a4 44. b6 a3 45. b7 a2 46. b8=Q Kg7 47. Qxb2+ 1-0

[Event "World Senior 65+ 2014"]
[Site "Katerini GRE"]
[Date "2014.11.01"]
[Round "8.4"]
[White "Kupreichik, Viktor D"]
[Black "Kolbak, Jens"]
[Result "1-0"]
[WhiteTitle "GM"]
[WhiteElo "2405"]
[BlackElo "2232"]
[WhiteFideId "13500066"]
[BlackFideId "1400339"]
[EventDate "2014.10.24"]

1. e4 e5 2. Nf3 Nc6 3. Bb5 Bc5 4. c3 f5 5. d4 fxe4 6. Bxc6 dxc6 7. Nxe5 Qd5 8.
Qh5+ g6 9. Qe2 Bd6 10. Bf4 Nf6 11. Nd2 O-O 12. O-O Ng4 13. c4 Qxd4 14. Nb3 Qb6
15. c5 Qa6 16. Qxa6 bxa6 17. cxd6 cxd6 18. Nxg4 Rxf4 19. Ne3 Rb8 20. Rac1 Bd7
21. Rfd1 d5 22. Rd2 Be8 23. Nc2 a5 24. Ncd4 a4 25. Na5 a3 26. b3 Bf7 27. Naxc6
Re8 28. Rc3 1-0